| 000 | 01142nam2a22002771 4500 | ||
|---|---|---|---|
| 001 | v19\rc\2010513 | ||
| 005 | 20250620014948.0 | ||
| 035 | _a(NLR Aleph) 005118644 | ||
| 090 |
_a7570404 _c7570404 |
||
| 100 | _a20080925d1901 |||y0rusy50 ca | ||
| 101 | 1 |
_arus _cfre _cfre |
|
| 102 | _aRU | ||
| 105 | _ac z ||||| | ||
| 200 | 1 |
_a1. Около брака _fПер. *** _a2. Маленький Боб _fПер. Н.А. Максимовой |
|
| 215 | _a[2], 275 с., 1 л. портр. | ||
| 225 | 1 |
_a... _vКн. 9 |
|
| 461 | 0 |
_1001v19\rc\2010512 _12001#$aСобрание сочинений$fЖип. Т. 1-2$vТ. 1 _1700#1$aЖип$cпсевдоним$3RU\NLR\AUTH\770252511$f1849-1932 _97570396 _aЖип (псевдоним ; 1849-1932) _cСанкт-Петербург _d1901 _fЖип. Т. 1-2 _nтип. бр. Пантелеевых _p2 т. _tСобрание сочинений _vТ. 1 |
|
| 517 | 0 | _aОколо брака | |
| 517 | 0 | _aМаленький Боб | |
| 702 | 1 |
_aМаксимова _bН.А. _4730 |
|
| 801 | 0 |
_aRU _bNLR _gpsbo |
|
| 801 | 1 |
_aRU _bProSoft-M _2rusmarc |
|
| 852 |
_aNLR _j19.90.6.10 |
||
| 942 | _cBOOK | ||
| 980 | _aNB | ||